000 00612cam a22002291 4500
001 sa 67001282
003 DLC
005 20260227112321.0
008 890621s1966 ii 000 1 beno
010 _asa 67001282
035 _a(OCoLC)19906502
040 _aDLC
_cWaU
_dDLC
042 _apremarc
050 0 0 _aPK1718.B285
_bK3
100 1 _aBandyopādhyāẏa, Śaradindu,
_d1899-1970.
245 1 0 _aKālera mandirā.
260 _c[1966]
300 _a2, 183 p.
_c23 cm.
500 _aIn Bengali.
500 _aA novel.
600 0 0 _aSkandagupta,
_cEmperor of Northern India,
_dactive 455-467
_vFiction.
999 _c72510
_d72510